00670nam a2200241 a 4500001001300000003000900013005001700022008004100039020001200080082001600092100001600108245002300124260004500147300000900192500003500201505001700236650002100253700001600274902000800290942000700298952010800305999001500413nice12345678IN_TiNIC20260116012209.0050524s1970 lona grp 000 0 eng  ac118.500a297.4bARA3 aIbn Arabi,  aSufis of Andalusia aLondonbGeorge Allen and Unwin Ltdc1970 a173p aincludes index and biblioraphy2 aBibliography aSufism-Ibn Arabi1 aIbn Arabi,  bSRS cBK 00104070aHMIbHMId2007-08-01g118.50l1o297.4 ARA3p07493r2018-02-05s2017-10-12w2026-01-16yEB c6033d6033